| 000 | 00548nam a22001337a 4500 | ||
|---|---|---|---|
| 999 |
_c9222 _d9222 |
||
| 008 | 180419b ||||| |||| 00| 0 eng d | ||
| 082 | _aDPer 050 Dec 2015-Mar 2016 T48 v186-187 | ||
| 100 |
_927588 _aDrehle, David Von. |
||
| 245 |
_aDestination unknown: _bas Donald Trump piles up GOP delegates, the nation braces for a very difficult 2016/ _cDavid Von Drehle. |
||
| 260 |
_aNew York: _bTime Inc., _c©Dec 2015-Mar 2016. |
||
| 300 |
_av187 n9, page 20-25: _bilustrations; _c27 cm. |
||
| 650 | 0 |
_927526 _aElections _zUnited States. |
|
| 942 |
_2ddc _cPER |
||